00888nam a2200277 a 4500001001300000003000900013005001700022008004100039020001800080040002800098041000800126043001200134082002100146100002600167245007000193250002000263260003100283300004700314490002500361534006300386650003000449650003000479650003100509650003500540700003500575C01483135c-4CO-ViMGA20230915232211.0150727s2014 sp a gr 0001f spa d a9788498674019 aCO-ViMGAbspacCO-ViMGA1 heng an-us---04a813.5 bK46l2191 aKinney, Jeff, d1971-13aLa ley de Rodrick / cJeff Kinney ; traducción Esteban Morán. a27a. edición. aBarcelona : bRBA, c2014. a217 páginas : bilustraciones ; c20 cm.1 aDiario de Greg ; v2 pTítulo original : tDiary of a wimpy kid. Rodrick rules.14aAmistadv Novela juvenil.14aDiariosv Novela juvenil.14aEscuelasv Novela juvenil.14aNovela juvenil estadounidense.1 aMorán, Esteban, etraductor.